|
|
|
|
| LEADER |
01637nam a2200289 a 4500 |
| 001 |
0015893 |
| 003 |
BD-DhAAL |
| 008 |
090719r19901983enkacf 000 0 eng d |
| 010 |
|
|
|a 83186815
|
| 020 |
|
|
|a 0140139192
|
| 020 |
|
|
|a 9789849027133
|
| 040 |
|
|
|a DLC
|c DLC
|d DLC
|d BD-DhAAL
|
| 082 |
0 |
0 |
|a 915.150458
|2 19
|
| 100 |
1 |
|
|a Seth, Vikram,
|d 1952-
|9 46939
|
| 245 |
1 |
0 |
|a From Heaven Lake :
|b travels through Sinkiang and Tibet /
|c Vikram Seth.
|
| 260 |
|
|
|a London :
|b Chatto & Windus ;
|a Dhaka :
|b Daily Star Books,
|c 1983 [reprinted 1990], 2013.
|
| 300 |
|
|
|a 178 pages, [8] pages of plates :
|b illustrations, ports. ;
|c 23 cm
|
| 541 |
1 |
|
|e 0015893, 44634
|a Donated by Farhana Zahir, Assistant Professor, BRAC Business School, BRAC University
|
| 600 |
1 |
0 |
|a Seth, Vikram,
|d 1952-
|x Travel
|z China
|z Xinjiang Uygur Zizhiqu.
|9 59156
|
| 600 |
1 |
0 |
|a Seth, Vikram,
|d 1952-
|x Travel
|z China
|z Tibet.
|9 59157
|
| 651 |
|
0 |
|a Xinjiang Uygur Zizhiqu (China)
|x Description and travel.
|9 59158
|
| 651 |
|
0 |
|a Tibet (China)
|x Description and travel.
|9 59159
|
| 852 |
4 |
|
|a Ayesha Abed Library
|c General Stacks
|
| 942 |
|
|
|2 ddc
|c BK
|
| 999 |
|
|
|c 2770
|d 2770
|
| 952 |
|
|
|0 0
|1 0
|2 ddc
|4 0
|6 915_150458000000000_SET_1983
|7 0
|9 2544
|a BRACUL
|b BRACUL
|c GEN
|d 2009-07-23
|g 475.00
|l 1
|m 4
|o 915.150458 SET
|p 3010015893
|r 2017-11-12
|s 2017-10-16
|t 1
|w 2009-07-23
|y BK
|
| 952 |
|
|
|0 0
|1 0
|2 ddc
|4 0
|6 915_150458000000000_SET
|7 0
|9 78038
|a BRACUL
|b BRACUL
|c GEN
|d 2025-08-25
|e Donated by Farhana Zahir, Assistant Professor, BRAC Business School, BRAC University
|g 280.00
|l 0
|o 915.150458 SET
|p 3010044634
|r 2025-08-25
|t 2
|v 560.00
|w 2025-08-25
|y BK
|x Donated by Farhana Zahir, Assistant Professor, BRAC Business School, BRAC University
|